header

Descartes's method of doubt (Record no. 2491)

MARC details
000 -LEADER
fixed length control field 01215nam a2200313Ia 4500
100 1# - MAIN ENTRY--AUTHOR NAME
Personal name Broughton, Janet,
245 10 - TITLE STATEMENT
Title Descartes's method of doubt
260 ## - PUBLICATION, DISTRIBUTION, ETC. (IMPRINT)
Place of publication Princeton, N.J. ;
-- Oxford :
Name of publisher Princeton University Press,
Year of publication 2003.
300 ## - PHYSICAL DESCRIPTION
Number of Pages xv, 217 p.
500 ## - GENERAL NOTE
General note Originally published, 2002.
650 #0 - SUBJECT ADDED ENTRY--TOPICAL TERM
Topical Term Belief and doubt.
Topical Term Knowledge, Theory of.
856 40 - ELECTRONIC LOCATION AND ACCESS
Uniform Resource Identifier http://site.ebrary.com/lib/rucke/Doc?id=10284044

No items available.

© 2026 Rongo University
Contact us: librarian | system librarian | Rongo university